Name The Flag In Minecraft - Statistics

General Stats
  • This quiz has been taken 752 times
    732 since last reset
  • The average score is 20 of 24
Answer Stats
Picture Answer % Correct
United States of America
100%
United Kingdom
99%
France
97%
Jamaica
92%
Japan
92%
Russia
92%
Ireland
88%
Italy
88%
Poland
88%
Finland
87%
Sweden
87%
Ukraine
87%
Denmark
86%
Switzerland
86%
Argentina
84%
Estonia
84%
North Macedonia
84%
Bangladesh
80%
Nigeria
80%
Chile
77%
The Bahamas
70%
Palau
69%
Yemen
66%
Sierra Leone
61%
No matching quizzes found
Score Distribution
Percent of People with Each Score
Percentile by Number Answered
Your Score History
You have not taken this quiz since the last reset